Palabras Holandesas Aleatorias - Estadísticas

Estadísticas generales
  • Esta prueba ha sido intentada 16 veces
  • La puntuación promedio es 11 de 24
Estadísticas de respuestas
Holandés Español % Correcto
zeven siete
91%
winnen ganar
82%
morgen mañana
73%
zomer verano
73%
geven dar
64%
slapen dormir
64%
vrouw mujer
64%
of o
64%
ster estrella
55%
alsjeblieft por favor
55%
lunchen almorzar
45%
geel amarillo
45%
fiets bicicleta
45%
bloem flor
45%
kopen comprar
36%
wanneer cuando
36%
woordenboek diccionario
36%
regen lluvia
36%
koe vaca
36%
moeilijk difícil
27%
leeftijd edad
27%
zwaard espada
18%
verdrietig triste
18%
kers cereza
9%
No se encontraron pruebas coincidentes
Distribución de puntuación
Porcentaje de gente con cada puntuación
Porcentaje por número respondido
Historial de tus puntuaciones
No has intentado esta prueba.